000 01073nam a2200241 a 4500
001 49078
003 BD-RjUL
005 20211209054630.0
008 160817s1967 ii ||||| |||| 00| 0 ben d
020 _c: IRs.12.00
035 _a(BD-RjUL)49197
040 _aBD-RjUL
_bben
_cBD-RjUL
_dBD-RjUL
041 _aben
082 _223
_a891.4408
_bMUT 1967
100 _aমুখোপাধ্যায়, ত্রৈলোক্যনাথ
_9147644
245 1 0 _aত্রৈলোক্য-রচনাসম্ভার /
_cত্রৈলোক্যনাথ মুখোপাধ্যায়, প্রমথনাথ বিশী সম্পাদিত
260 _aকলিকাতা :
_bমিত্র ও ঘোষ,
_c১৯৬৭ (১৩৭৪)
300 _a[২২], ৫৫০ পৃ. ;
_c২৩ সেমি.
650 _aবাংলা সাহিত্য
_vসংগ্রহ
_9122719
650 _aBengali literature
_vCollection
_9122720
700 _aবিশী, প্রমথনাথ সম্পাদিত
_9147645
942 _2ddc
_cBK
999 _c49078
_d49078